[Event "1st EUR-ch (w)"]
[Site "Batumi GEO"]
[Date "2000.05.28"]
[Round "1.2"]
[White "Grosar, Kiti"]
[Black "Zhukova, Natalia"]
[Result "1/2-1/2"]
[WhiteElo "2211"]
[BlackElo "2471"]
[EventDate "2000.05.27"]
[PlyCount "113"]

1.e4 Nf6 2.e5 Nd5 3.d4 d6 4.c4 Nb6 5.exd6 cxd6 6.Nf3 g6 7.b3 Bg7 8.Bb2 Nc6
9.Be2 Bg4 10.Nbd2 O-O 11.O-O d5 12.c5 Nc8 13.a3 e6 14.b4 a6 15.h3 Bxf3 16.
Nxf3 N8e7 17.Qd2 Nf5 18.a4 Nh4 19.Bc3 Nxf3+ 20.Bxf3 Qh4 21.Rfd1 h5 22.Qb2 
Ne7 23.Be2 Nf5 24.Bf1 Rfd8 25.b5 axb5 26.axb5 Rxa1 27.Qxa1 e5 28.dxe5 d4 
29.Bd2 Bxe5 30.Qa7 d3 31.Qxb7 Bd4 32.Qf3 Bxc5 33.Bc3 Nd4 34.Bxd4 Rxd4 35.
g3 Qd8 36.Rxd3 h4 37.Rxd4 Qxd4 38.g4 Kg7 39.Bd3 Qe5 40.Kg2 Qd4 41.Be4 Bb6 
42.Bd5 f6 43.Ba2 Kh6 44.Bb1 Kg7 45.Qe2 Bc5 46.Qc2 Kf8 47.Kf1 g5 48.Qe2 Qf4
49.Bf5 Qd4 50.Bg6 Kg7 51.Bh5 Qa1+ 52.Kg2 Qa8+ 53.Qf3 Qxf3+ 54.Kxf3 Kf8 55.
Ke4 Bxf2 56.Kd5 Ke7 57.Bg6 1/2-1/2

[Event "1st EUR-ch (w)"]
[Site "Batumi GEO"]
[Date "2000.05.28"]
[Round "1.3"]
[White "Grosar, Kiti"]
[Black "Zhukova, Natalia"]
[Result "1/2-1/2"]
[WhiteElo "2211"]
[BlackElo "2471"]
[EventDate "2000.05.27"]
[PlyCount "106"]

1.e4 d5 2.exd5 Qxd5 3.Nc3 Qa5 4.d4 c6 5.Bc4 Bf5 6.Nf3 e6 7.Bd2 Nd7 8.d5 
cxd5 9.Nxd5 Qd8 10.Qe2 Ngf6 11.Nf4 Bc5 12.Bc3 O-O 13.O-O Qc7 14.Nd3 Ne4 
15.Be5 Nxe5 16.Ndxe5 Bd6 17.Bd3 Bxe5 18.Bxe4 Bxe4 19.Qxe4 Bf6 20.c3 Rfd8 
21.Rfd1 Rd7 22.g4 Rad8 23.Rxd7 Qxd7 24.g5 Be7 25.Re1 Qd5 26.Qxd5 Rxd5 27.
h4 h6 28.g6 Bf6 29.gxf7+ Kxf7 30.Re4 Rb5 31.Re2 Ra5 32.a3 Ra4 33.Rd2 Ke7 
34.Nd4 Bxd4 35.cxd4 Kd6 36.Rd3 g5 37.hxg5 hxg5 38.Kf1 Rc4 39.b4 Kd5 40.Rg3
Kxd4 41.Rxg5 Rc7 42.Rg3 b6 43.a4 Rc1+ 44.Ke2 Ra1 45.b5 Ra2+ 46.Ke1 e5 47.
Rg4+ Kd3 48.f3 Ke3 49.Re4+ Kxf3 50.Rxe5 Rxa4 51.Kd2 Kf4 52.Re7 Ra5 53.Kc3 
Rxb5 1/2-1/2

[Event "1st EUR-ch (w)"]
[Site "Batumi GEO"]
[Date "2000.05.28"]
[Round "1.4"]
[White "Zhukova, Natalia"]
[Black "Grosar, Kiti"]
[Result "1-0"]
[WhiteElo "2471"]
[BlackElo "2211"]
[EventDate "2000.05.27"]
[PlyCount "65"]

1.d4 Nf6 2.Nf3 g6 3.Bf4 d6 4.h3 Bg7 5.e3 O-O 6.c4 Nfd7 7.Nc3 Nc6 8.Be2 e5 
9.dxe5 Ndxe5 10.Rc1 Re8 11.O-O Bf5 12.Qb3 Na5 13.Qa4 Nac6 14.Rfd1 Nd7 15.
b4 a5 16.b5 Nc5 17.Qa3 Ne7 18.b6 Bxc3 19.bxc7 Qxc7 20.Qxc3 Ne4 21.Qb2 Ra6 
22.c5 Nc6 23.Bxa6 bxa6 24.cxd6 Qd7 25.Qb6 Rc8 26.Ne5 Nxe5 27.Bxe5 Re8 28.
Qb2 Qd8 29.d7 Bxd7 30.Rc7 Re7 31.Rb7 Qe8 32.Rb8 Bc8 33.Rc1 1-0

[Event "1st EUR-ch (w)"]
[Site "Batumi GEO"]
[Date "2000.05.27"]
[Round "1.1"]
[White "Javakhishvili, Lela"]
[Black "Khurtsidze, Nino"]
[Result "0-1"]
[WhiteElo "2248"]
[BlackElo "2464"]
[EventDate "2000.05.27"]
[PlyCount "58"]

1.d4 Nf6 2.c4 e6 3.Nf3 d5 4.Nc3 Bb4 5.Bg5 h6 6.Bf4 dxc4 7.Qa4+ Nc6 8.a3 
Bxc3+ 9.bxc3 Qd5 10.Nd2 Ne4 11.Nxe4 Qxe4 12.Bg3 e5 13.Rd1 exd4 14.cxd4 O-O
15.Qxc4 Rd8 16.f3 Rxd4 17.Rxd4 Qxd4 18.Qxd4 Nxd4 19.Bxc7 Nb5 20.Bf4 Nxa3 
21.e4 Be6 22.Be2 Rc8 23.O-O a6 24.Rd1 b5 25.Ra1 b4 26.Bxa6 Rc2 27.Bd6 Rc6 
28.Bxb4 Nc2 29.Bb7 Rb6 0-1

[Event "1st EUR-ch (w)"]
[Site "Batumi GEO"]
[Date "2000.05.28"]
[Round "1.2"]
[White "Khurtsidze, Nino"]
[Black "Javakhishvili, Lela"]
[Result "1/2-1/2"]
[WhiteElo "2464"]
[BlackElo "2248"]
[EventDate "2000.05.27"]
[PlyCount "68"]

1.d4 Nf6 2.Nf3 e6 3.c4 b6 4.e3 Bb7 5.Bd3 d5 6.Nc3 Bd6 7.Qc2 a6 8.e4 dxe4 
9.Nxe4 Bb4+ 10.Bd2 Bxd2+ 11.Nexd2 Nbd7 12.O-O O-O 13.Rad1 c5 14.Ne4 Qc7 
15.Rfe1 h6 16.h3 Nh5 17.Bf1 Rad8 18.Qe2 Ndf6 19.Nxf6+ Nxf6 20.dxc5 Qxc5 
21.Ne5 Qc7 22.Qe3 Ne4 23.Nf3 Nd6 24.Qf4 b5 25.cxb5 axb5 26.a3 Bd5 27.Rc1 
Qb6 28.Qd4 Qb7 29.Ne5 Rb8 30.Qc5 Ne4 31.Qc7 Nf6 32.Qxb7 Rxb7 33.Nd3 Rd8 
34.Nb4 Rbb8 1/2-1/2

[Event "1st EUR-ch (w)"]
[Site "Batumi GEO"]
[Date "2000.05.27"]
[Round "1.1"]
[White "Khurtsilava, Inga"]
[Black "Zatonskih, Anna"]
[Result "0-1"]
[WhiteElo "2250"]
[BlackElo "2441"]
[EventDate "2000.05.27"]
[PlyCount "91"]

1.d4 e6 2.Nf3 Nf6 3.g3 d5 4.Bg2 Be7 5.O-O O-O 6.Nbd2 c5 7.e3 Nc6 8.b3 cxd4
9.exd4 b6 10.Bb2 Ba6 11.Re1 Rc8 12.a3 Bd6 13.Ne5 Ne7 14.f4 Nf5 15.Rc1 Be7 
16.c4 Rc7 17.g4 Nh4 18.Bh1 dxc4 19.Ndxc4 Bb7 20.Bxb7 Rxb7 21.g5 Nd5 22.Qg4
Nf5 23.Nc6 Qe8 24.N4e5 Bd6 25.b4 a6 26.Qe2 Qa8 27.a4 Nxf4 28.Qg4 Nd5 29.
Qe4 Rc7 30.b5 axb5 31.axb5 Qa4 32.Qd3 Nf4 33.Qf1 Bxe5 34.Rxe5 Ng6 35.Re4 
Qb3 36.Qe2 Ra8 37.Rc3 Qd5 38.Nb4 Qd6 39.Rxc7 Qxc7 40.d5 Qc5+ 41.Qf2 Nd6 
42.Rg4 Ra4 43.dxe6 fxe6 44.Qxc5 bxc5 45.Bc3 Nxb5 46.Bd2 0-1

[Event "1st EUR-ch (w)"]
[Site "Batumi GEO"]
[Date "2000.05.28"]
[Round "1.2"]
[White "Zatonskih, Anna"]
[Black "Khurtsilava, Inga"]
[Result "1/2-1/2"]
[WhiteElo "2441"]
[BlackElo "2250"]
[EventDate "2000.05.27"]
[PlyCount "139"]

1.e4 c6 2.d4 g6 3.Nc3 d5 4.h3 Bg7 5.Nf3 Nf6 6.Bd3 dxe4 7.Nxe4 Nbd7 8.O-O 
O-O 9.Nxf6+ Nxf6 10.Re1 h6 11.c3 a5 12.Qe2 Nd5 13.Ne5 Qd6 14.Bd2 b5 15.
Rad1 a4 16.a3 Ra7 17.Qf3 Rc7 18.Bb1 Qf6 19.Qxf6 exf6 20.Nd3 Bf5 21.Nb4 
Bxb1 22.Nxd5 cxd5 23.Rxb1 Ra8 24.Re2 Bf8 25.Rbe1 Kg7 26.Re8 Rcc8 27.Rxc8 
Rxc8 28.Bf4 g5 29.Bd2 Bd6 30.Kf1 f5 31.Ke2 Kf6 32.Kd3 f4 33.Rb1 Ra8 34.Re1
Kf5 35.f3 Kg6 36.Re2 Rh8 37.Re1 h5 38.Rh1 Kf5 39.Rh2 Rg8 40.Ke2 Be7 41.Rh1
Bf6 42.Rf1 Rh8 43.Kd3 Be7 44.Ke2 Bd6 45.Rh1 Kg6 46.Kd3 f5 47.Re1 Kf6 48.
Rf1 Rg8 49.Rf2 g4 50.fxg4 hxg4 51.hxg4 Rxg4 52.Ke2 Kg5 53.Kf1 Rg3 54.Rf3 
Kg4 55.Kf2 Bc7 56.Bc1 Bd6 57.Bd2 Rxf3+ 58.gxf3+ Kh3 59.Bc1 Be7 60.Bxf4 
Bh4+ 61.Kf1 Bg3 62.Bc1 Kh2 63.Bd2 Bd6 64.Kf2 Be7 65.Bf4+ Kh3 66.Kf1 Bh4 
67.Bd2 Kg3 68.Be1+ Kh3 69.Bxh4 Kxh4 70.Kg2 1/2-1/2

[Event "1st EUR-ch (w)"]
[Site "Batumi GEO"]
[Date "2000.05.27"]
[Round "1.1"]
[White "Stepovaya, Tatiana"]
[Black "Slavina, Irina"]
[Result "1-0"]
[WhiteElo "2420"]
[BlackElo "2261"]
[EventDate "2000.05.27"]
[PlyCount "71"]

1.e4 e5 2.Nf3 Nc6 3.Bb5 a6 4.Ba4 Nf6 5.Qe2 Be7 6.c3 b5 7.Bb3 d6 8.a4 Rb8 
9.axb5 axb5 10.d4 exd4 11.Nxd4 Nxd4 12.cxd4 O-O 13.O-O Bb7 14.f3 Re8 15.
Nc3 c6 16.Be3 b4 17.Nb1 d5 18.e5 Nd7 19.f4 c5 20.Nd2 cxd4 21.Bxd4 Nc5 22.
Bc2 Ne6 23.Qd3 g6 24.Nb3 Bc6 25.f5 Nxd4 26.Nxd4 Bc5 27.Kh1 Bxd4 28.Qxd4 
Qb6 29.Qf4 Rb7 30.f6 Qc5 31.Rac1 Qf8 32.Bxg6 Bb5 33.Bxh7+ Kxh7 34.Qf5+ Kg8
35.Qg4+ Kh8 36.Rf3 1-0

[Event "1st EUR-ch (w)"]
[Site "Batumi GEO"]
[Date "2000.05.28"]
[Round "1.2"]
[White "Slavina, Irina"]
[Black "Stepovaya, Tatiana"]
[Result "1/2-1/2"]
[WhiteElo "2261"]
[BlackElo "2420"]
[EventDate "2000.05.27"]
[PlyCount "118"]

1.d4 d5 2.c4 e6 3.Nf3 c6 4.Nbd2 f5 5.g3 Nf6 6.Bg2 Bd6 7.O-O Nbd7 8.b3 b6 
9.cxd5 cxd5 10.Ng5 Nf8 11.Nc4 Ng6 12.Nxd6+ Qxd6 13.a4 Qd7 14.Ba3 Bb7 15.
Rc1 h6 16.Nxe6 Qxe6 17.Rc7 Bc6 18.Qc2 Bd7 19.Bh3 Ne4 20.Rc1 Ne7 21.Bxe7 
Kxe7 22.f3 Rhc8 23.fxe4 Rxc7 24.Qxc7 Rc8 25.Bxf5 Rxc7 26.Rxc7 Qf6 27.Rxd7+
Kf8 28.Rxd5 Qc6 29.Rd8+ Ke7 30.Rd7+ Kf8 31.e5 g6 32.Bh3 Qe4 33.Kf2 g5 34.
Rd6 Kg7 35.Bg2 Qf5+ 36.Ke3 Qb1 37.Bc6 Qxb3+ 38.Kf2 Qc2 39.e6 Kf6 40.e7+ 
Kxe7 41.Rxh6 Qd2 42.d5 Qd4+ 43.e3 Qd2+ 44.Kf3 Qd1+ 45.Ke4 Qc2+ 46.Ke5 Qc3+
47.Kf5 Qd3+ 48.e4 Qf3+ 49.Ke5 Qc3+ 50.Kf5 Qf3+ 51.Kxg5 Qe3+ 52.Kh5 Qf3+ 
53.Kg5 Qe3+ 54.Kh5 Qf3+ 55.g4 Qh3+ 56.Kg5 Qe3+ 57.Kh5 Qh3+ 58.Kg5 Qe3+ 59.
Kh5 Qh3+ 1/2-1/2

[Event "1st EUR-ch (w)"]
[Site "Batumi GEO"]
[Date "2000.05.27"]
[Round "1.1"]
[White "Mkrtchian, Lilit"]
[Black "Matveeva, Svetlana"]
[Result "1/2-1/2"]
[WhiteElo "2277"]
[BlackElo "2414"]
[EventDate "2000.05.27"]
[PlyCount "62"]

1.e4 e6 2.d3 c5 3.Nf3 Nc6 4.g3 g6 5.Bg2 Bg7 6.O-O Nge7 7.c3 O-O 8.d4 cxd4 
9.cxd4 d5 10.e5 b6 11.Nc3 a5 12.Re1 Ba6 13.Bf4 b5 14.Qd2 Qb6 15.g4 Rfc8 
16.Red1 Nb8 17.Bh6 Nd7 18.Bxg7 Kxg7 19.h4 b4 20.Na4 Qd8 21.Rac1 Bb5 22.Nc5
Nxc5 23.dxc5 Nc6 24.Qe3 Qe7 25.h5 Rc7 26.h6+ Kg8 27.Rd2 Rac8 28.Rdc2 Nb8 
29.Nd4 Ba4 30.b3 Be8 31.Bf1 Bd7 1/2-1/2

[Event "1st EUR-ch (w)"]
[Site "Batumi GEO"]
[Date "2000.05.28"]
[Round "1.2"]
[White "Matveeva, Svetlana"]
[Black "Mkrtchian, Lilit"]
[Result "1/2-1/2"]
[WhiteElo "2414"]
[BlackElo "2277"]
[EventDate "2000.05.27"]
[PlyCount "32"]

1.d4 d5 2.c4 e6 3.Nc3 Be7 4.Nf3 Nf6 5.Bg5 h6 6.Bh4 O-O 7.e3 b6 8.Be2 Bb7 
9.Bxf6 Bxf6 10.cxd5 exd5 11.O-O Re8 12.Qb3 c6 13.Rfe1 Nd7 14.e4 c5 15.Nxd5
cxd4 16.Bc4 Nc5 1/2-1/2

[Event "1st EUR-ch (w)"]
[Site "Batumi GEO"]
[Date "2000.05.28"]
[Round "1.3"]
[White "Matveeva, Svetlana"]
[Black "Mkrtchian, Lilit"]
[Result "1-0"]
[WhiteElo "2336"]
[BlackElo "2345"]
[EventDate "2000.05.27"]
[PlyCount "119"]

1.d4 d5 2.c4 e6 3.Nc3 Be7 4.Nf3 Nf6 5.Bg5 h6 6.Bh4 O-O 7.e3 b6 8.Be2 Bb7 
9.Bxf6 Bxf6 10.cxd5 exd5 11.O-O Re8 12.Qb3 c6 13.Rfe1 Nd7 14.Rad1 Nf8 15.
e4 g6 16.Bf1 Ne6 17.exd5 cxd5 18.g3 Rc8 19.Bh3 Rc4 20.Bxe6 Rxe6 21.Rxe6 
fxe6 22.Qc2 Kg7 23.Qe2 Qe7 24.Ne5 Rc8 25.Re1 Re8 26.Qd3 Bxe5 27.Rxe5 Qf6 
28.Qe3 g5 29.Nb5 Bc8 30.Nc7 Rf8 31.Nxe6+ Bxe6 32.Rxe6 Qf5 33.Qe5+ Qxe5 34.
Rxe5 Rc8 35.Rxd5 Rc2 36.Rd7+ Kf6 37.Rxa7 Rxb2 38.Rb7 Kf5 39.a4 Rb4 40.Kg2 
h5 41.d5 Ke5 42.Rg7 Kf6 43.Rh7 h4 44.Rh6+ Kg7 45.Rc6 hxg3 46.hxg3 Rxa4 47.
Rxb6 Rd4 48.Rd6 g4 49.Kf1 Re4 50.Rd8 Kf7 51.d6 Rd4 52.Ke2 Ke6 53.Ke3 Rd1 
54.Kf4 Rd2 55.Ke3 Rd1 56.Rg8 Re1+ 57.Kd2 Rf1 58.Ke2 Rh1 59.Rxg4 Kxd6 60.
Re4 1-0

[Event "1st EUR-ch (w)"]
[Site "Batumi GEO"]
[Date "2000.05.28"]
[Round "1.4"]
[White "Mkrtchian, Lilit"]
[Black "Matveeva, Svetlana"]
[Result "1-0"]
[WhiteElo "2277"]
[BlackElo "2414"]
[EventDate "2000.05.27"]
[PlyCount "61"]

1.e4 e6 2.d3 c5 3.Nf3 Nc6 4.g3 g6 5.Bg2 Bg7 6.O-O Nge7 7.c3 b6 8.Re1 Ba6 
9.d4 cxd4 10.cxd4 O-O 11.d5 Nb8 12.d6 Nec6 13.e5 f6 14.exf6 Qxf6 15.Nc3 
Bb7 16.Bg5 Qf7 17.Qd2 Na6 18.Re2 Nc5 19.Bh6 Bxh6 20.Qxh6 Qg7 21.Qd2 Ba6 
22.Re3 Rac8 23.h4 Rf5 24.Bh3 Rf6 25.Ng5 Rcf8 26.f4 Bb7 27.Bg2 Rf5 28.Bh3 
Nd4 29.Rd1 Rxg5 30.Qxd4 e5 31.Qc4+ 1-0

[Event "1st EUR-ch (w)"]
[Site "Batumi GEO"]
[Date "2000.05.27"]
[Round "1.1"]
[White "Vasylevich, Tatiana"]
[Black "Lomineishvili, Maia"]
[Result "1/2-1/2"]
[WhiteElo "2409"]
[BlackElo "2290"]
[EventDate "2000.05.27"]
[PlyCount "93"]

1.Nf3 Nf6 2.c4 e6 3.Nc3 Bb4 4.Qc2 O-O 5.a3 Bxc3 6.Qxc3 b6 7.g3 Bb7 8.Bg2 
d6 9.b4 Ne4 10.Qc2 f5 11.O-O Qe8 12.Nd4 Nc6 13.Nb5 Qc8 14.d3 Nf6 15.e3 a6 
16.Nc3 Ne5 17.f3 c5 18.bxc5 bxc5 19.Bb2 Bc6 20.Ne2 Rb8 21.Rab1 Qd7 22.Ba1 
Rb7 23.Rxb7 Qxb7 24.Rb1 Qa8 25.e4 Nfd7 26.Qc3 fxe4 27.dxe4 d5 28.cxd5 exd5
29.exd5 Bxd5 30.Rd1 Rxf3 31.Bxf3 Nxf3+ 32.Kf2 Nde5 33.h3 c4 34.Nf4 Be4 35.
Qa5 Nd3+ 36.Nxd3 cxd3 37.Qc7 Qf8 38.Ke3 Ng5 39.Rf1 Bf3 40.Qxg7+ Qxg7 41.
Bxg7 d2 42.Kxd2 Kxg7 43.h4 Bg2 44.Rb1 Ne4+ 45.Ke3 Nd6 46.Kf4 Nc4 47.Rb3 
1/2-1/2

[Event "1st EUR-ch (w)"]
[Site "Batumi GEO"]
[Date "2000.05.28"]
[Round "1.2"]
[White "Lomineishvili, Maia"]
[Black "Vasylevich, Tatiana"]
[Result "0-1"]
[WhiteElo "2290"]
[BlackElo "2409"]
[EventDate "2000.05.27"]
[PlyCount "80"]

1.d4 Nf6 2.c4 c5 3.d5 b5 4.cxb5 a6 5.b6 e6 6.Nc3 Nxd5 7.Nxd5 exd5 8.Qxd5 
Nc6 9.Nf3 Rb8 10.e4 Be7 11.Bc4 O-O 12.O-O Na5 13.Bd3 Rxb6 14.Qh5 d5 15.e5 
g6 16.Qh6 Qc7 17.Ng5 Bxg5 18.Bxg5 Qxe5 19.Rae1 Qg7 20.Qxg7+ Kxg7 21.Be7 c4
22.Bc5 Rb5 23.Bd4+ f6 24.a4 Rb7 25.Bc2 Nc6 26.Bc5 Rxb2 27.Bxf8+ Kxf8 28.
Rc1 Ke7 29.Bd1 Kd6 30.Bf3 Ne5 31.Bd1 Nd3 32.Rc2 Be6 33.Rxb2 Nxb2 34.Be2 a5
35.Rb1 c3 36.Kf1 d4 37.Rc1 Kc5 38.Bb5 Bc4+ 39.Bxc4 Kxc4 40.Ke2 d3+ 0-1

[Event "1st EUR-ch (w)"]
[Site "Batumi GEO"]
[Date "2000.05.27"]
[Round "1.1"]
[White "Reizniece, Dana"]
[Black "Madl, Ildiko"]
[Result "1/2-1/2"]
[WhiteElo "2294"]
[BlackElo "2408"]
[EventDate "2000.05.27"]
[PlyCount "81"]

1.c4 e5 2.Nc3 Bb4 3.Nd5 a5 4.e3 Nf6 5.a3 Bc5 6.d4 Nxd5 7.cxd5 exd4 8.exd4 
Be7 9.Nf3 O-O 10.Bd3 d6 11.Qc2 Kh8 12.Be3 c6 13.dxc6 bxc6 14.O-O Ba6 15.b4
Bxd3 16.Qxd3 Na6 17.Rab1 axb4 18.axb4 Qd7 19.Rfc1 Rfb8 20.Bd2 Kg8 21.Rc2 
Nc7 22.Rbc1 Rb6 23.Qc4 h6 24.d5 Nxd5 25.Nd4 Nxb4 26.Bxb4 d5 27.Qd3 Bxb4 
28.Nxc6 Bf8 29.Qd4 Rba6 30.g3 Ra4 31.Qd3 Ra1 32.Ne5 Qe6 33.f4 Rxc1+ 34.
Rxc1 Bd6 35.Nf3 Qe4 36.Rd1 Bc5+ 37.Kg2 Ra2+ 38.Kh3 Ra3 39.Qxd5 Qxf3 40.
Qxc5 Qxd1 41.Qc8+ 1/2-1/2

[Event "1st EUR-ch (w)"]
[Site "Batumi GEO"]
[Date "2000.05.28"]
[Round "1.2"]
[White "Madl, Ildiko"]
[Black "Reizniece, Dana"]
[Result "1-0"]
[WhiteElo "2408"]
[BlackElo "2294"]
[EventDate "2000.05.27"]
[PlyCount "69"]

1.e4 c5 2.Nf3 e6 3.d4 cxd4 4.Nxd4 Nf6 5.Nc3 d6 6.g4 h6 7.Be3 Nc6 8.f3 Be7 
9.Qd2 d5 10.Bb5 Bd7 11.exd5 Nxd5 12.Nxd5 exd5 13.O-O-O O-O 14.Nf5 Be6 15.
Nxe7+ Qxe7 16.Kb1 Rfc8 17.Bd4 a6 18.Bxc6 bxc6 19.Rhe1 c5 20.Be5 d4 21.f4 
Qb7 22.f5 Bd5 23.f6 Rc6 24.g5 Rb6 25.b3 g6 26.gxh6 Kh7 27.h4 a5 28.h5 a4 
29.hxg6+ fxg6 30.Bxd4 axb3 31.Re7+ Qxe7 32.fxe7 Rxa2 33.Bb2 Be4 34.e8=Q 
Bxc2+ 35.Kc1 1-0

[Event "1st EUR-ch (w)"]
[Site "Batumi GEO"]
[Date "2000.05.27"]
[Round "1.1"]
[White "Alexandrova, Olga"]
[Black "Pokorna, Regina"]
[Result "0-1"]
[WhiteElo "2400"]
[BlackElo "2298"]
[EventDate "2000.05.27"]
[PlyCount "86"]

1.d4 Nf6 2.c4 e6 3.Nc3 Bb4 4.e3 O-O 5.Bd3 d5 6.Nf3 b6 7.O-O Bb7 8.a3 Bd6 
9.b3 a6 10.Bb2 Nbd7 11.Qe2 Ne4 12.Nd2 f5 13.g3 Qe7 14.f3 Nxd2 15.Qxd2 c5 
16.Rae1 dxc4 17.bxc4 e5 18.d5 b5 19.cxb5 Nb6 20.Qe2 axb5 21.Bxb5 c4 22.a4 
Rfc8 23.e4 Kh8 24.Ra1 Bb4 25.Rfd1 Nd7 26.Bxd7 Qxd7 27.Qc2 Ra6 28.Kh1 Rf6 
29.Rf1 Rcf8 30.Qe2 Qf7 31.Kg2 Qh5 32.h3 Rh6 33.Rh1 fxe4 34.fxe4 Bc5 35.g4 
Qh4 36.Nd1 Rhf6 37.Rh2 Rf2+ 38.Nxf2 Rxf2+ 39.Qxf2 Qxf2+ 40.Kh1 Qf3+ 41.Rg2
Qxh3+ 42.Rh2 Qf3+ 43.Rg2 Qxe4 0-1

[Event "1st EUR-ch (w)"]
[Site "Batumi GEO"]
[Date "2000.05.28"]
[Round "1.2"]
[White "Pokorna, Regina"]
[Black "Alexandrova, Olga"]
[Result "1-0"]
[WhiteElo "2298"]
[BlackElo "2400"]
[EventDate "2000.05.27"]
[PlyCount "89"]

1.e4 c5 2.Nc3 Nc6 3.g3 g6 4.Bg2 Bg7 5.d3 e6 6.Be3 d6 7.Qd2 Nd4 8.Nd1 Ne7 
9.c3 Ndc6 10.Bh6 O-O 11.h4 Bxh6 12.Qxh6 f6 13.Ne2 Ne5 14.Qd2 d5 15.f4 N5c6
16.Nf2 Rb8 17.h5 d4 18.hxg6 hxg6 19.Ng4 f5 20.Ne5 Kg7 21.exf5 Nxf5 22.Bxc6
bxc6 23.O-O-O Bb7 24.Rh2 Rh8 25.Rxh8 Qxh8 26.Nd7 Rd8 27.Nxc5 Bc8 28.g4 Ne3
29.Nxd4 Nxd1 30.Ndxe6+ Kf6 31.g5+ Ke7 32.Nxd8 Bg4 33.Nxc6+ Kd6 34.Ne5 Qh1 
35.Ne4+ Kc7 36.b3 Qg1 37.Nxg4 Nf2+ 38.Kb2 Nxg4 39.d4 Ne3 40.d5 a5 41.c4 a4
42.d6+ Kd7 43.Nc5+ Kc6 44.Nxa4 Nd1+ 45.Ka3 1-0

[Event "1st EUR-ch (w)"]
[Site "Batumi GEO"]
[Date "2000.05.27"]
[Round "1.1"]
[White "Matnadze, Ana"]
[Black "Khmiadashvili, Tamara"]
[Result "1-0"]
[WhiteElo "2307"]
[BlackElo "2218"]
[EventDate "2000.05.27"]
[PlyCount "63"]

1.d4 Nf6 2.g3 g6 3.Bg2 Bg7 4.Nf3 d6 5.O-O O-O 6.c4 Nbd7 7.Nc3 a6 8.h3 e5 
9.dxe5 dxe5 10.Be3 Qe7 11.Qb3 h6 12.Nd5 Nxd5 13.cxd5 c6 14.dxc6 bxc6 15.
Qc2 Bb7 16.Nd2 Rfb8 17.Rfd1 c5 18.Ne4 Bxe4 19.Bxe4 Ra7 20.Rac1 Kh7 21.b3 
Rc7 22.Bd5 f5 23.Qd2 Qf6 24.Bc4 g5 25.Qd6 Qxd6 26.Rxd6 f4 27.Bd2 fxg3 28.
fxg3 e4 29.Be6 Nf6 30.Rxa6 Nh5 31.Kg2 Rf8 32.Be3 1-0

[Event "1st EUR-ch (w)"]
[Site "Batumi GEO"]
[Date "2000.05.28"]
[Round "1.2"]
[White "Khmiadashvili, Tamara"]
[Black "Matnadze, Ana"]
[Result "0-1"]
[WhiteElo "2218"]
[BlackElo "2307"]
[EventDate "2000.05.27"]
[PlyCount "80"]

1.b3 e5 2.Bb2 Nc6 3.e4 d6 4.Nc3 Nf6 5.Bb5 Bd7 6.Bxc6 Bxc6 7.Qe2 Qe7 8.
O-O-O g6 9.f3 Bg7 10.g4 h5 11.g5 Nh7 12.h4 O-O 13.Nh3 Rfe8 14.Rde1 a5 15.
a4 Bd7 16.Nd5 Qd8 17.c4 c6 18.Nc3 Nf8 19.Qd3 Bxh3 20.Rxh3 Ne6 21.Ne2 Qb6 
22.Ba3 Rad8 23.Qe3 Qc7 24.Kb1 Qd7 25.Rhh1 d5 26.exd5 cxd5 27.c5 d4 28.Qd3 
Rc8 29.Ng3 Nf4 30.Qc4 b6 31.Ne4 bxc5 32.Rc1 Rb8 33.Ka2 Rec8 34.Bxc5 Ne6 
35.Qd3 Rc6 36.Bd6 Rxd6 37.Nxd6 Qxd6 38.Qc4 Bf8 39.Kb1 Qa3 40.Kc2 Rb4 0-1

[Event "1st EUR-ch (w)"]
[Site "Batumi GEO"]
[Date "2000.05.28"]
[Round "1.2"]
[White "Olarasu, Gabriela"]
[Black "Radziewicz, Iweta"]
[Result "0-1"]
[WhiteElo "2321"]
[BlackElo "2377"]
[EventDate "2000.05.27"]
[PlyCount "63"]

1.d4 e6 2.c4 b6 3.e4 Bb7 4.Bd3 f5 5.exf5 Bb4+ 6.Kf1 Nf6 7.Be3 O-O 8.Nh3 
Nc6 9.a3 Bd6 10.Nc3 Ne7 11.fxe6 dxe6 12.Ng5 Qc8 13.Kg1 Nf5 14.Bxf5 exf5 
15.d5 f4 16.Bd4 Qf5 17.Ne6 c5 18.Nb5 Nxd5 19.Nxd6 Qxe6 20.Nxb7 cxd4 21.
cxd5 Qd7 22.Qxd4 Qxb7 23.h3 Rad8 24.Rd1 Rf5 25.Qe4 Qf7 26.d6 Rf6 27.Kh2 f3
28.d7 fxg2 29.Rhe1 Rxf2 30.Qe8+ Qf8 31.Kg1 Rf7 32.Kxg2 0-1

[Event "1st EUR-ch (w)"]
[Site "Batumi GEO"]
[Date "2000.05.28"]
[Round "1.1"]
[White "Eidelson, Rakhil"]
[Black "Gurieli, Nino"]
[Result "0-1"]
[WhiteElo "2333"]
[BlackElo "2373"]
[EventDate "2000.05.27"]
[PlyCount "148"]

1.Nf3 Nf6 2.g3 c5 3.Bg2 g6 4.O-O Bg7 5.c4 Nc6 6.d4 cxd4 7.Nxd4 O-O 8.Nc3 
Nxd4 9.Qxd4 d6 10.Qd3 Bf5 11.e4 Be6 12.Nd5 Rc8 13.Bg5 Nxd5 14.exd5 Bf5 15.
Qe2 Re8 16.g4 Bd7 17.Rab1 b5 18.Rfc1 bxc4 19.Rxc4 h6 20.Be3 Rxc4 21.Qxc4 
Qa5 22.b4 Qa4 23.Qb3 Qxb3 24.Rxb3 Bxg4 25.b5 Rc8 26.Ra3 Rc2 27.Rxa7 Rb2 
28.f3 Rb1+ 29.Kf2 Rb2+ 30.Kg3 Bf5 31.b6 g5 32.f4 Bf6 33.Ra3 Bc2 34.h4 
gxf4+ 35.Kxf4 Be5+ 36.Kf3 f5 37.Bc1 Rxb6 38.Ra8+ Kf7 39.Kf2 f4 40.Bf3 Bg6 
41.Ra4 Bc2 42.Rc4 Bd3 43.Ra4 Ra6 44.Rxa6 Bxa6 45.Be4 Bc4 46.a3 Bb3 47.Ke2 
e6 48.dxe6+ Kxe6 49.Bd2 d5 50.Bh7 Bd6 51.Bc1 Ke5 52.Bg6 d4 53.Bd3 Be7 54.
h5 Bd5 55.a4 Be4 56.Bxe4 Kxe4 57.a5 d3+ 58.Kf1 Bc5 59.a6 Kf3 60.Bd2 Bd4 
61.Be1 Kg4 62.Bd2 Ba7 63.Bc1 f3 64.Bxh6 Kxh5 65.Bd2 Kg4 66.Be1 Kf4 67.Bd2+
Ke4 68.Ke1 Kd5 69.Bf4 Kc6 70.Bg3 Be3 71.Kd1 Kb6 72.Be1 Kxa6 73.Bg3 Kb5 74.
Be1 Kc4 0-1

[Event "1st EUR-ch (w)"]
[Site "Batumi GEO"]
[Date "2000.05.28"]
[Round "1.2"]
[White "Gurieli, Nino"]
[Black "Eidelson, Rakhil"]
[Result "0-1"]
[WhiteElo "2373"]
[BlackElo "2333"]
[EventDate "2000.05.27"]
[PlyCount "50"]

1.d4 Nf6 2.Nf3 g6 3.g3 Bg7 4.Bg2 O-O 5.O-O d6 6.c4 Nbd7 7.Nc3 e5 8.dxe5 
dxe5 9.Qc2 c6 10.Rd1 Qe7 11.e4 a5 12.b3 Nh5 13.Bb2 f5 14.exf5 gxf5 15.Nh4 
e4 16.Re1 Ne5 17.Nxe4 fxe4 18.Rxe4 Bf5 19.Nxf5 Rxf5 20.f4 Qc5+ 21.Kf1 Ng4 
22.Bh3 Nxf4 23.gxf4 Rxf4+ 24.Rxf4 Ne3+ 25.Ke2 Nxc2 0-1

[Event "1st EUR-ch (w)"]
[Site "Batumi GEO"]
[Date "2000.05.27"]
[Round "1.1"]
[White "Sofieva, Ainur"]
[Black "Lagvilava, Genrieta"]
[Result "1/2-1/2"]
[WhiteElo "2345"]
[BlackElo "2336"]
[EventDate "2000.05.27"]
[PlyCount "82"]

1.d4 f5 2.g3 Nf6 3.Bg2 g6 4.Nh3 Bg7 5.Nf4 Nc6 6.c3 O-O 7.h4 e5 8.Qb3+ Kh8 
9.dxe5 Nxe5 10.h5 gxh5 11.Na3 c6 12.Nc2 d5 13.Nd4 Qe7 14.Qc2 c5 15.Nf3 Bd7
16.Nxh5 Nxh5 17.Rxh5 Nxf3+ 18.Bxf3 d4 19.Bh6 dxc3 20.Bxg7+ Qxg7 21.Qxc3 
Qxc3+ 22.bxc3 Rab8 23.O-O-O Be8 24.Rh4 b5 25.Rd5 Rc8 26.Re5 Bg6 27.Bh5 
Rfe8 28.Rxe8+ Bxe8 29.Bf3 Bf7 30.a3 a5 31.Rf4 Be6 32.Kb2 Rd8 33.Kc1 Kg7 
34.Bc6 b4 35.axb4 cxb4 36.cxb4 axb4 37.Ba4 Rc8+ 38.Kb2 Rd8 39.Rxb4 Rd2+ 
40.Kc3 Rxe2 41.Rf4 Kf6 1/2-1/2

[Event "1st EUR-ch (w)"]
[Site "Batumi GEO"]
[Date "2000.05.28"]
[Round "1.2"]
[White "Lagvilava, Genrieta"]
[Black "Sofieva, Ainur"]
[Result "1-0"]
[WhiteElo "2336"]
[BlackElo "2345"]
[EventDate "2000.05.27"]
[PlyCount "167"]

1.e4 e6 2.d3 d5 3.Qe2 Be7 4.Nf3 Nc6 5.g3 dxe4 6.dxe4 e5 7.Bg2 Bg4 8.c3 Qd7
9.h3 Be6 10.Ng5 Bxg5 11.Bxg5 f6 12.Be3 O-O-O 13.Nd2 h5 14.Nb3 Qf7 15.Bf1 
Kb8 16.Nc5 Bc8 17.Qb5 Ka8 18.Bc4 Qe8 19.Bd5 Nge7 20.Be6 Rd6 21.Bxc8 Qxc8 
22.a4 a6 23.Qe2 Nb8 24.a5 Nec6 25.h4 Na7 26.Kf1 Qe8 27.Kg2 Qc6 28.Kh2 Nb5 
29.Rad1 g6 30.Rd5 Rxd5 31.exd5 Qe8 32.c4 Nd6 33.Ne6 Qc8 34.f3 Nf5 35.Bf2 
Nd7 36.b4 Nf8 37.Nc5 Nd7 38.Ne6 Nf8 39.Nc5 Nd7 40.Ne4 Rg8 41.b5 g5 42.bxa6
bxa6 43.hxg5 fxg5 44.c5 c6 45.dxc6 Qxc6 46.Rd1 Nb8 47.Nd6 Nd4 48.Bxd4 exd4
49.Ne4 Rd8 50.Nxg5 d3 51.Qe4 Qxe4 52.Nxe4 Nc6 53.Nd6 Nb4 54.f4 Rg8 55.Kh3 
Ka7 56.f5 Nc6 57.Rxd3 Nxa5 58.Re3 Rf8 59.Re7+ Ka8 60.Rh7 Nc6 61.Rxh5 Nd4 
62.g4 a5 63.Nc4 Nc6 64.Rh7 Kb8 65.Nd6 a4 66.Rb7+ Ka8 67.Rb6 Ne5 68.Ra6+ 
Kb8 69.Rxa4 Kc7 70.Re4 Nd3 71.Re7+ Kc6 72.Ne4 Kd5 73.Kh4 Ne5 74.Nc3+ Kd4 
75.Ne2+ Ke4 76.Kg5 Rc8 77.Nc3+ Kd4 78.Nb5+ Kd5 79.Nc7+ Kd4 80.Ne6+ Ke4 81.
Nf4 Kd4 82.Ng6 Nc4 83.Re1 Ra8 84.f6 1-0

[Event "1st EUR-ch (w)"]
[Site "Batumi GEO"]
[Date "2000.05.29"]
[Round "2.1"]
[White "Zhukova, Natalia"]
[Black "Gurieli, Nino"]
[Result "1-0"]
[WhiteElo "2471"]
[BlackElo "2373"]
[EventDate "2000.05.27"]
[PlyCount "67"]

1.d4 Nf6 2.Nf3 g6 3.Bf4 Bg7 4.e3 c5 5.c3 cxd4 6.exd4 O-O 7.Nbd2 Nc6 8.h3 
d6 9.Bc4 Nh5 10.Be3 e5 11.dxe5 dxe5 12.Bc5 Re8 13.Ne4 Nf4 14.Nfg5 Be6 15.
Nxe6 Nxe6 16.Ba3 Qh4 17.Qg4 Qxg4 18.hxg4 Na5 19.Bb5 Red8 20.g3 a6 21.Be2 
Rd7 22.g5 Rc8 23.b3 b5 24.Bg4 Nb7 25.Ke2 a5 26.Rad1 Rdc7 27.Bxe6 fxe6 28.
Rd2 Rf7 29.Rhd1 h6 30.gxh6 Bxh6 31.Rd7 Rc7 32.Nf6+ Kh8 33.Rxc7 Rxc7 34.Rh1
1-0